LEADER 00960nam a2200241 u 4500 001 000000025090 003 CaOOAMICUS 005 20150707102031.0 008 950728s1954 it u000 u ita u 035 $a10639723 040 $aMSA$bita$dPUL(R) 100 1 $aBarbano, Sigismondo Ugo,$cF.S.C.$0(OLS)http://pul/name/20859 245 10$aEducazione e scienze biopsichiche /$cSigismondo Ugo Barbano. 260 $aRoma :$bUciim,$c1954. 300 $a40 p. ;$c20 cm 490 1 $aLuce nella professione ;$v7 650 4$aPedagogia$xStudi.$0(OLS)http://pul/subject/7699 830 0$aLuce nella professione ;$v7.$0(OLS)http://pul/title/20740 850 $aPUL 852 $aPUL$W1$xDP1 Fondo Pastorale$y55$mP6 E 37$j35089$nBK-PRI$b $qFondi$B35089$CPULBib$Z2$F35089 $HPUL1032 $81 941 1 $a1 996 $6245$aEducazione e scienze biopsichiche$9(OLS)http://pul/title/34605 996 $6260$aRoma :$bUciim$9(OLS)http://pul/publisher/58731 LEADER 02208nam a2200337 a 4500 001 000000174524 003 CaOOAMICUS 005 20210525145403.0 008 210520s1566 it w u001 u lat r 026 $as.re isde ;&ne neCo (3) 1566 (R) 032 $aLibriCat 040 $aPUL$bita 100 1 $aCalefati, Pietro,$d1499-1586.$0(OLS)http://pul/name/112154 245 10$aPetri Calaefati viri illustris iurisconsulti celeberrimi...in Gymnasio Pisanio iuris civilis Professoris Primarii Enarrationes in rub. et l.i.C. de aeden. 246 00$aEnarrationes in rub. & l.i.C. de aeden 260 $aBononiae :$bex officina Ioannis Rossii,$c1566. 300 $a14 c. ;$b$cfol. 500 $aMarca tipogr. sul front.: Mercurio volante con un piede sul globo e nella mano destra il caduceo. In cornice figurata; Motto: Caelo demissus ab alto. (Z836). 500 $aTesto su due colonne. 500 $aCapilettera ornati e ill. 630 04$aCorpus iuris civilis$xCommenti$ySec. XVI.$0(OLS)http://pul/subject/37370 662 $aItalia$dBologna.$0(OLS)http://pul/subject/34908 700 1 $aRossi, Giovanni.$0(OLS)http://pul/name/20606 850 $aPUL 852 $aPUL$W1$xDP1 Antico 600$y25$m807 B 1 int.1$j198839$qStampati Antico$B203467$CPULBib$Z2$F203467 $82 941 1 $a15 961 $aLegatura in pergamena rivestita internamente da pergamena ms. di riutilizzo. Su taglio del piede titolo dell'opera abbreviato. Precedenti collocazioni sul verso di c. di guardia: b- II-13; su v. del front Ex libris: Sac. V. Todeschi. La presente edizione fa parte di una miscellanea fittizia che raccoglie i commenti di professori giureconsulti del XVI Sec. su parti del Corpus Iuris Civilis. Rilegato con AN 174525,174526, 174527, 174528, 174529, 174530, 174531, 174532, 174533. 996 $6246$aEnarrationes in rub. & l.i.C. de aeden$9(OLS)http://pul/title/215817 996 $6245$aPetri Calaefati viri illustris iurisconsulti celeberrimi...in Gymnasio Pisanio iuris civilis Professoris Primarii Enarrationes in rub. et l.i.C. de aeden.$9(OLS)http://pul/title/215806 996 $6260$aBononiae :$bex officina Ioannis Rossii$9(OLS)http://pul/publisher/87401